| 000 | 03901nam a2200241Ia 4500 | ||
|---|---|---|---|
| 003 | OSt | ||
| 005 | 20251204101906.0 | ||
| 008 | 210210b2010 xxu||||| |||| 00| 0 eng d | ||
| 040 | _cAL | ||
| 041 | _aKannada | ||
| 082 | _a305.895487K SACT | ||
| 100 |
_aSACHCHIDANANDA HEGDE _dಸಚ್ಚಿದಾನಂದ ಹೆಗ್ಡೆ _9211781 |
||
| 245 |
_aTulunadavara samaja: Tulunadavara ritirivajugalu _bತುಳುನಾಡವರ ಸಮಾಜ: ತುಳುನಾಡವರ ರೀತಿರಿವಾಜುಗಳು |
||
| 260 |
_aBengaLUru _bKaustubha Prakashana _c2010 |
||
| 300 | _a230 | ||
| 520 | _aವಿಷಯಸೂಚಿ: ಅಧ್ಯಾಯ 1 : ಪ್ರಾಚೀನ ತುಳುವ ಸಮಾಜ 1. ತುಳುನಾಡಿನ ಪ್ರಾಚೀನ ಹಿಂದೂಸಮಾಜ 2. ಅಳಿಯಸಂತಾನ ಪದ್ಧತಿ 3. ಭಟ್ಟಾಚಾರ್ಯರ ಗ್ರಾಮಪದ್ಧತಿ 4. ತುಳುನಾಡಿನ ಸ್ಥಳೀಯಾಡಳಿತ ವ್ಯವಸ್ಥೆ 5. ಭೂತಾಳಪಾಂಡ್ಯನ ಕಟ್ಟುಕಟ್ಟಳೆಗಳು 6. ಅಜಲುಪದ್ಧತಿ 7. ನ್ಯಾಯಾಡಳಿತಕ್ಕೆ ಪತ್ತೇರಿಕೂಟ 8. ಚಾವಡಿ ಅಧ್ಯಾಯ 2 : ಜಾತಿವ್ಯವಸ್ಥೆ 9. ತುಳುನಾಡಿನ ಜಾತಿವ್ಯವಸ್ಥೆ 10. ತುಳುನಾಡಿನ ಪರಿಶಿಷ್ಟರು 11. ಬಿಲ್ಲವರು 12. ಮೊಗೇರರು 13. ತುಳುನಾಡಿನ ಇತರ ಜಾತಿಗಳವರು ಅಧ್ಯಾಯ 3 : ಬ್ರಾಹ್ಮಣ ವರ್ಗ 14. ತೌಳವ ಬ್ರಾಹ್ಮಣರು 15. ವಿದೇಶೀ ಮೂಲದ ಸೂರ್ಯಾರಾಧಕ ಬ್ರಾಹ್ಮಣರು 16. ಗೌಡಸಾರಸ್ವತ ಬ್ರಾಹ್ಮಣರು 17. ವಿಶ್ವಕರ್ಮರು ಅಧ್ಯಾಯ 4 : ಒಕ್ಕಲಿಗರು 18. ಬಂಟ/ನಾಡವರು 19. ಬಂಟ/ನಾಡವ ಮಹಿಳೆಯರು 20. ಬಂಟ/ನಾಡವರ ಮನೆಗಳು 21. ಬಂಟ/ನಾಡವರ ಧಾರ್ಮಿಕ ಒಲವುಗಳು ಅಧ್ಯಾಯ 5 : ಧರ್ಮಪಂಥಗಳು 22. ತುಳುನಾಡಿನಲ್ಲಿ ವೈದಿಕಧರ್ಮ 23. ತುಳುನಾಡಿನಲ್ಲಿ ನಾಥಪಂಥದ ಪ್ರಭಾವ 24. ತುಳುನಾಡಿನಲ್ಲಿ ಬೌದ್ಧಧರ್ಮ 25. ತುಳುನಾಡಿನ ಜೈನರು 26. ತುಳುನಾಡಿನಲ್ಲಿ ವೀರಶೈವಧರ್ಮ 27. ತುಳುನಾಡಿನಲ್ಲಿ ಕ್ರಿಶ್ಚಿಯನ್ ಧರ್ಮ 28. ತುಳುನಾಡಿನಲ್ಲಿ ಇಸ್ಲಾಂ ಧರ್ಮ ಅಧ್ಯಾಯ 6 : ತುಳುನಾಡವರ ರೀತಿರಿವಾಜುಗಳು 29. ತುಳುನಾಡಿನ ಪ್ರಾಚೀನ ಧರ್ಮ 30. ನಾಗಾರಾಧನೆ 31. ಆಲಡೆ 32. ಬ್ರಹ್ಮರ್ 33. ಭೂತಾರಾಧನೆ 34. ಊರ ದೇವಸ್ಥಾನದ ಆಯನ ಮತ್ತು ಗರಡಿಯ ಕೋಲ 35. ತುಳುನಾಡಿನ ಧಾರ್ಮಿಕ ಹಾಗೂ ಮನೋರಂಜನಾ ಕ್ರೀಡೆಗಳು 36. ತುಳುನಾಡಿನ ವಿಶಿಷ್ಠ ಹಬ್ಬಗಳು 37. ಸಾಂಪ್ರದಾಯಿಕ ಸಂಸ್ಕಾರಕ್ರಿಯೆಗಳು 38. ಸಾಂಪ್ರದಾಯಿಕ ವಿವಾಹಪದ್ಧತಿ 39. ಶವಸಂಸ್ಕಾರ ಮತ್ತು ಉತ್ತರಕ್ರಿಯೆ 40. ಸಾಂಪ್ರದಾಯಿಕ ಉಡುಪುಗಳು ಮತ್ತು ಚಿನ್ನಾಭರಣಗಳು 41. ಸಾಂಪ್ರದಾಯಿಕ ಊಟತಿಂಡಿಗಳು | ||
| 650 |
_aTuLunADavara _9211782 |
||
| 650 |
_asamAja _9211783 |
||
| 650 |
_arItirivAjugaLu _9211784 |
||
| 690 |
_aDakshina Kannada _9211785 |
||
| 906 | _a067318 | ||
| 942 |
_2ddc _cBK |
||
| 999 |
_c149702 _d149702 |
||